Welcome to WEB OPAC of MRSPTU Central Library

Textbook of power electronics (Record no. 3874)

MARC details
000 -LEADER
fixed length control field 00375nam a2200145Ia 4500
008 - FIXED-LENGTH DATA ELEMENTS--GENERAL INFORMATION
fixed length control field 230711s9999||||xx |||||||||||||| ||und||
041 ## - LANGUAGE CODE
Language code of text/sound track or separate title ENG
082 ## - DEWEY DECIMAL CLASSIFICATION NUMBER
Classification number 621.381
Item number RA-P
100 ## - MAIN ENTRY--PERSONAL NAME
Personal name Rai,Hansh C
245 #0 - TITLE STATEMENT
Title Textbook of power electronics
250 ## - EDITION STATEMENT
Edition statement 3rd Ed.
260 ## - PUBLICATION, DISTRIBUTION, ETC.
Date of publication, distribution, etc. 2000
Place of publication, distribution, etc. New Delhi
Name of publisher, distributor, etc. Galgotia Publications Pvt.Ltd
650 ## - SUBJECT ADDED ENTRY--TOPICAL TERM
Topical term or geographic name entry element Electrical Engineering
942 ## - ADDED ENTRY ELEMENTS (KOHA)
Koha item type Book
Holdings
Withdrawn status Lost status Damaged status Not for loan Collection Home library Current library Date acquired Total checkouts Full call number Barcode Date last seen Price effective from Koha item type Date due Date last checked out
          MRSPTU Central Library MRSPTU Central Library     621.381 RA-P 13152 08/17/2023 08/17/2023 Book    
          MRSPTU Central Library MRSPTU Central Library     621.381 RA-P 13153 08/17/2023 08/17/2023 Book    
          MRSPTU Central Library MRSPTU Central Library     621.381 RA-P 13154 08/17/2023 08/17/2023 Book    
          MRSPTU Central Library MRSPTU Central Library   1 621.381 RA-P 13155 04/27/2026 08/17/2023 Book 05/18/2026 04/27/2026
          MRSPTU Central Library MRSPTU Central Library     621.381 RA-P 13156 08/17/2023 08/17/2023 Book    

Website Designed and Developed by MRSPTU Central Library Team

E-mail Id: librarian@mrsptu.ac.in